| 000 | 00723cam a2200241 a 4500 | ||
|---|---|---|---|
| 001 | 000005291 | ||
| 005 | 20200929151632.0 | ||
| 008 | 991018s2001 sp a 001|f spa | ||
| 020 | _a8466300619 | ||
| 040 |
_aDO-SdBNP _cDLC _dDLC |
||
| 082 |
_a863.64 _bP438s, 2001 |
||
| 100 | 1 |
_aPérez-Reverte, Arturo, _d1951- _912816 |
|
| 245 | 1 | 3 |
_aLa sombra del águila / _cArturo Pérez Reverte. |
| 250 | _a4a ed. | ||
| 260 |
_a[Madrid] : _bSuma de Letras, _c2001. |
||
| 300 |
_a173 p. : _bil. ; _c18 cm. |
||
| 490 | 1 |
_aPunto de lectura _v1/3 |
|
| 650 | 4 |
_aNovela española _91123 |
|
| 650 | 4 |
_aLiteratura española _ySIGLO XX _93326 |
|
| 830 | 0 |
_aPunto de lectura ; _v1/3 _93047 |
|
| 910 | _aCatalogación derivada | ||
| 910 | _aWM | ||
| 999 |
_c5092 _d5092 |
||